Structural concrete : (Record no. 1375)

000 -LEADER
fixed length control field 00392 a2200121 4500
020 ## - INTERNATIONAL STANDARD BOOK NUMBER
International Standard Book Number 047169164X (cloth)
082 ## - DEWEY DECIMAL CLASSIFICATION NUMBER
Classification number 624.18341 HAS
100 ## - MAIN ENTRY--PERSONAL NAME
Personal name Hassoun, M. Nadim.
245 ## - TITLE STATEMENT
Title Structural concrete :
Remainder of title theory and design /
Statement of responsibility, etc. M. Nadim Hassoun, Akthem Al-Manaseer.
250 ## - EDITION STATEMENT
Edition statement 3rd ed.
260 ## - PUBLICATION, DISTRIBUTION, ETC.
Place of publication, distribution, etc. Hoboken, NJ :
Name of publisher, distributor, etc. John Wiley,
Date of publication, distribution, etc. 2005.
300 ## - PHYSICAL DESCRIPTION
Extent xx, 865 p. :
Other physical details ill. ;
Dimensions 24 cm.
650 ## - SUBJECT ADDED ENTRY--TOPICAL TERM
Topical term or geographic name entry element Reinforced concrete construction
Holdings
Withdrawn status Lost status Damaged status Not for loan Permanent Location Current Location Shelving location Date acquired Total Checkouts Full call number Barcode Date last seen Price effective from Koha item type Date last checked out
        School of Civil and Environmental Engineering (SCEE) School of Civil and Environmental Engineering (SCEE)       624.18341 HAS NIT-3558 01/05/2017 01/05/2017 Book  
        School of Civil and Environmental Engineering (SCEE) School of Civil and Environmental Engineering (SCEE)     2   NIT-3855 05/26/2023 01/05/2017 Book 11/04/2022
© 2023 Central Library, National University of Sciences and Technology. All Rights Reserved.